Dựng mô hình 3D Studio Max (T.2) /
Bài 1: Mô hình ghế tràng kỷ
Đã lưu trong:
| Tác giả chính: | |
|---|---|
| Định dạng: | Sách |
| Ngôn ngữ: | Vietnamese |
| Được phát hành: |
H. :
Thống kê ,
2004
|
| Phiên bản: | In lần thứ 1 |
| Các nhãn: |
Thêm thẻ
Không có thẻ, Là người đầu tiên thẻ bản ghi này!
|
| Thư viện lưu trữ: | Thư viện Trường CĐ Kỹ Thuật Cao Thắng |
|---|
| LEADER | 01454nam a2200349 a 4500 | ||
|---|---|---|---|
| 001 | TVCDKTCT9079 | ||
| 003 | Thư viện trường Cao đẳng Kỹ thuật Cao Thắng | ||
| 005 | 20170523145209.9 | ||
| 008 | 080417 | ||
| 980 | \ | \ | |a Thư viện Trường CĐ Kỹ Thuật Cao Thắng |
| 024 | |a RG_1 #1 eb0 i1 | ||
| 041 | 0 | # | |a vie |
| 082 | # | # | |a 005 / |b H450K-d |
| 100 | 1 | # | |a Hồ Hoàn Kiếm |
| 245 | 0 | 0 | |a Dựng mô hình 3D Studio Max (T.2) / |c Hồ Hoàn Kiếm |
| 250 | # | # | |a In lần thứ 1 |
| 260 | # | # | |a H. : |b Thống kê , |c 2004 |
| 300 | # | # | |a 293tr. ; |c 27cm. |
| 520 | # | # | |a Bài 1: Mô hình ghế tràng kỷ |
| 520 | # | # | |a Bài 10: Tách cafe |
| 520 | # | # | |a Bài 11: Tòa nhà |
| 520 | # | # | |a Bài 2: Chuyển động của mặt nước |
| 520 | # | # | |a Bài 3: Mô hình quyển sách |
| 520 | # | # | |a Bài 4: Tấm kiếng |
| 520 | # | # | |a Bài 5: Vật liệu ánh kim loại |
| 520 | # | # | |a Bài 6: Vật liệu của trái táo |
| 520 | # | # | |a Bài 7: Boolean và hiệu chỉnh |
| 520 | # | # | |a Bài 8: Nước đá trong ly |
| 520 | # | # | |a Bài 9: Phong cảnh |
| 520 | # | # | |a Tập 2 của bộ sách này bao gồm 11 bài tập, hướng dẫn cách phối hợp các lệnh với nhau để tạo ra một sản phẩm thực sự. |
| 721 | # | # | |a Công nghệ thông tin |
| 841 | # | # | |b Kho Sách |j 100023897, 100023907 |